000 00696nam a2200229 a 4500
001 3489
003 CO-ViMGA
008 141112s2004 ck r 000 u spa d
040 _aCO-ViMGA
_bspa
_cCO-ViMGA
082 0 4 _a986.1076 L663
100 1 _aLópez Caballero, Juan Manuel
_953293
245 1 0 _aColombia entre la imagen y la realidad
260 _aSantafé de Bogotá :
_bPlaneta,
_c1995
300 _a254 p
490 _aEspejo de Colombia
650 1 4 _aCOLOMBIA - CONSTITUCION
650 1 4 _aDERECHOSHUMANOS - COLOMBIA
_953295
650 1 4 _aDESARROLLO ECONOMICO - COLOMBIA
_953296
650 1 4 _aNARCOTRAFICO - COLOMBIA
650 1 4 _aREFORMA AGRARIA - COLOMBIA
_953297
942 _2ddc
_cBK
999 _c15534
_d15534